01273nam a22002415i 4500001000700000003000900007005001700016008004100033080002700074100005500101245015900156260007300315300002100388500010100409530003500510546003400545610006200579710004800641852009400689856008700783999001900870952014200889168042ES-MaACL20250920063109.0991015s1842 sp |||| | spa d a378.4(460.235 B.)(073)1 aYáñez y Girona, Agustín, d1789-1857913400210aDe necessario scientiarum omnium foedere oratio quam in solemni Studiorum Academiae Barcinonensis inauguratione protulit / cAugustinus Yañez et Girona. aBarcinone : b[s.n.], c1842 (fTypis Antonii Bergnés et Sociorum) a46 p. ; c23 cm. aIncluye (p. 21-46) programas de diferentes asignaturas de la Universidad Literaria de Barcelona. aDisponible en formato digital. aTexto en latín y español.24aUniversidad de Barcelona-vProgramas de estudios.91437412 aUniversidad Literaria de Barcelona.91700314 aES-MaACLjT-18-F-4 z- Enc. hol., falto de cub. original z- Enc. en un vol. facticio4 uhttp://hdl.handle.net/2445/3262 zDipòsit Digital de la Universitat de Barcelona c168042d168042 001040708Colección_de_folletosaATENEOMbATENEOMcDEPOFd2008-01-17l0oT-18-F-4p1176295r2023-02-23 00:00:00w2023-02-23yFOLLETOS